[Event "SR 3. liga A2 2009/2010"]
[Site "?"]
[Date "2009.10.18"]
[Round "1.4"]
[White "Kocak, Branislav"]
[Black "Liptak, Dusan"]
[Result "0-1"]
[WhiteElo "1934"]
[BlackElo "1916"]
[PlyCount "102"]
[EventDate "2009.??.??"]

1. d4 Nf6 2. c4 g6 3. Nc3 d5 4. cxd5 Nxd5 5. e4 Nxc3 6. bxc3 Bg7 7. Bc4 c5 8.
Ne2 O-O 9. O-O Nc6 10. Be3 Qc7 11. dxc5 Ne5 12. Bb3 Rd8 13. Qc2 Ng4 14. Bf4
Qxc5 15. h3 Nf6 16. Rad1 Bd7 17. Be3 Qa5 18. f3 Rac8 19. Rd3 Bb5 20. Rxd8+ Rxd8
21. c4 Be8 22. Rd1 Rc8 23. Qd2 Qa6 24. Nf4 e6 25. Qd6 Qxd6 26. Rxd6 Bf8 27. Rd1
Bc5 28. Bxc5 Rxc5 29. Rd8 Kf8 30. Nd3 Rc7 31. Ne5 Ke7 32. Rd1 Nd7 33. Nd3 Nc5
34. Nxc5 Rxc5 35. Kf2 a5 36. a4 Rc6 37. Ra1 Rb6 38. Ra3 Kd6 39. Bd1 Rb2+ 40.
Kf1 Rb4 41. Rd3+ Kc7 42. Rc3 Bxa4 43. Be2 Bb3 44. Ke1 a4 45. Kd2 Kc6 46. Rc1
Kc5 47. g4 Bxc4 48. Bd1 Kd4 49. h4 Rb2+ 50. Ke1 a3 51. h5 a2 0-1

[Event "SR 3. liga A2 2009/2010"]
[Site "?"]
[Date "2009.10.18"]
[Round "1.5"]
[White "Vlkovic, Pavol"]
[Black "Valla, Tomas"]
[Result "1-0"]
[WhiteElo "1930"]
[BlackElo "1780"]
[PlyCount "67"]
[EventDate "2009.??.??"]

1. e4 c5 2. d4 cxd4 3. c3 dxc3 4. Nxc3 d6 5. Bc4 Nc6 6. Nf3 Nf6 7. O-O Bg4 8.
Qb3 e6 9. Qxb7 Qc8 10. Ba6 Ne7 11. Qb5+ Qd7 12. Qd3 Nc6 13. Bb5 Bxf3 14. Qxf3
Rc8 15. Rd1 Qc7 16. Bf4 Nd7 17. Rac1 Ndb8 18. Qg3 Rd8 19. Bxc6+ Nxc6 20. Nb5
Qb6 21. Nxd6+ Bxd6 22. Bxd6 Rg8 23. Qc3 Rc8 24. Bc5 Qb7 25. b4 f6 26. Qb3 Kf7
27. Rd6 Rge8 28. Rcd1 Rcd8 29. h3 Rxd6 30. Rxd6 h6 31. a3 a6 32. Qf3 g6 33. e5
f5 34. Qxc6 1-0

[Event "SR 3. liga A2 2009/2010"]
[Site "?"]
[Date "2009.10.18"]
[Round "1.6"]
[White "Brunovsky, Peter"]
[Black "Markuliak, Mario"]
[Result "1/2-1/2"]
[WhiteElo "1762"]
[BlackElo "1909"]
[PlyCount "72"]
[EventDate "2009.??.??"]

1. d4 Nf6 2. Nf3 g6 3. Bf4 Bg7 4. e3 O-O 5. h3 d5 6. Bd3 Nbd7 7. O-O b6 8. Nbd2
Bb7 9. c3 c5 10. Re1 Rc8 11. Rc1 c4 12. Bc2 b5 13. e4 dxe4 14. Nxe4 Qb6 15. a3
Nd5 16. Bd2 a5 17. Qe2 b4 18. Ba4 Bc6 19. Bc2 b3 20. Bb1 Qb5 21. Rcd1 N7b6 22.
Bc1 Na4 23. Ng3 e6 24. Nf1 Nf6 25. Ne5 Nd5 26. g3 Qb7 27. Nxc6 Rxc6 28. Be4 Rc7
29. Bg2 Qb5 30. Bxd5 Qxd5 31. Qe4 Qh5 32. Qg2 Bh6 33. f4 g5 34. g4 Qg6 35. fxg5
Bxg5 36. Ne3 Qb1 1/2-1/2

[Event "SR 3. liga A2 2009/2010"]
[Site "?"]
[Date "2009.10.18"]
[Round "1.7"]
[White "Hornak, Pavol"]
[Black "Zajicek, Ferdinand"]
[Result "1/2-1/2"]
[WhiteElo "1787"]
[BlackElo "1924"]
[PlyCount "70"]
[EventDate "2009.??.??"]

1. d4 c5 2. d5 Nf6 3. c4 g6 4. Nc3 d6 5. e4 Bg7 6. Nf3 O-O 7. Bd3 Bg4 8. h3
Bxf3 9. Qxf3 Nbd7 10. Qe2 a6 11. O-O Ne5 12. Bc2 Qc7 13. b3 Ned7 14. Bd2 Nh5
15. g4 Nf4 16. Bxf4 Bxc3 17. Rab1 Bg7 18. Bh2 g5 19. f4 Bd4+ 20. Kg2 f6 21. Qd3
Rf7 22. fxg5 Be5 23. gxf6 exf6 24. Rf5 Raf8 25. Rbf1 Bxh2 26. Kxh2 Ne5 27. Qg3
Ng6 28. Qf2 Qe7 29. h4 Ne5 30. Kh3 Rg7 31. Rg1 Rff7 32. Bd1 Nd7 33. Re1 Ne5 34.
Rg1 Nd3 35. Qe3 Ne5 1/2-1/2

[Event "SR 3. liga A2 2009/2010"]
[Site "?"]
[Date "2009.10.18"]
[Round "1.8"]
[White "Kastler, Peter"]
[Black "Olos, Stanislav"]
[Result "0-1"]
[WhiteElo "1721"]
[BlackElo "1604"]
[PlyCount "54"]
[EventDate "2009.??.??"]

1. d4 d5 2. c4 dxc4 3. Nc3 e6 4. e3 c5 5. Nf3 Nf6 6. Bxc4 Be7 7. O-O O-O 8. Qc2
cxd4 9. Nxd4 a6 10. Rd1 Qc7 11. Bd3 b5 12. Bd2 Bb7 13. Rac1 Kh8 14. Qb3 Qe5 15.
Nce2 Nbd7 16. Nc6 Bxc6 17. Rxc6 Rfc8 18. Rdc1 Rxc6 19. Rxc6 Rd8 20. Nd4 Qh5 21.
Be2 Qg6 22. Bd3 Qg5 23. Bb4 Bxb4 24. Qxb4 Nd5 25. Qa5 Rf8 26. a3 Nxe3 27. Qd2
Qxg2# 0-1

[Event "SR 3. liga A2 2009/2010"]
[Site "?"]
[Date "2009.10.18"]
[Round "1.1"]
[White "Halas, Miroslav"]
[Black "Horak, Ivan"]
[Result "0-1"]
[WhiteElo "1939"]
[BlackElo "2105"]
[PlyCount "86"]
[EventDate "2009.??.??"]

1. e4 c5 2. Nf3 d6 3. d4 cxd4 4. Nxd4 Nf6 5. Nc3 g6 6. Be2 Bg7 7. Be3 Nc6 8.
O-O O-O 9. Qd2 Re8 10. f4 Bd7 11. Nb3 a6 12. a4 a5 13. Rad1 Ng4 14. Bc5 dxc5
15. Qxd7 Bd4+ 16. Rxd4 cxd4 17. Qxg4 dxc3 18. bxc3 Qb6+ 19. Kh1 Rad8 20. f5 Qe3
21. fxg6 hxg6 22. Bc4 e6 23. Qe2 Qxc3 24. Bd3 Re7 25. Qf2 Rxd3 26. cxd3 Qxb3
27. Qf6 Qxd3 28. h3 Qd4 29. Qh4 Rd7 30. Qg3 Qxa4 31. Rf4 Rd1+ 32. Kh2 Qa1 33.
Qf2 Rh1+ 34. Kg3 Qe5 35. Kg4 f5+ 36. exf5 exf5+ 37. Kg5 Kg7 38. Rc4 Re1 39. Kh4
Re3 40. g4 fxg4 41. Kxg4 Qe6+ 42. Kf4 Qxc4+ 43. Kxe3 Qd4+ 0-1

[Event "SR 3. liga A2 2009/2010"]
[Site "?"]
[Date "2009.10.18"]
[Round "1.2"]
[White "Kovarik, Oto"]
[Black "Sturdik, Igor"]
[Result "0-1"]
[WhiteElo "2053"]
[BlackElo "2047"]
[PlyCount "104"]
[EventDate "2009.??.??"]

1. e4 Nf6 2. e5 Nd5 3. d4 d6 4. Be2 Nc6 5. Nf3 dxe5 6. c4 Nf4 7. Bxf4 exf4 8.
d5 Nb8 9. O-O e6 10. dxe6 Bxe6 11. Qxd8+ Kxd8 12. Nc3 Bb4 13. Nb5 c6 14. Nbd4
Nd7 15. Ng5 Ke7 16. a3 Bd6 17. Rad1 Rad8 18. Rfe1 Ne5 19. Bf1 h6 20. Ne4 Bc7
21. Nc5 Bc8 22. b4 Rhe8 23. Ncb3 Kf8 24. a4 Ng6 25. b5 Rxe1 26. Rxe1 c5 27. Ne2
b6 28. Nc3 Be6 29. Rd1 Rxd1 30. Nxd1 Ne5 31. Nd2 Ke7 32. f3 Ng6 33. Kf2 Be5 34.
h3 Bd4+ 35. Ke1 Ne5 36. Nf2 f5 37. Nd1 g5 38. Be2 Kd6 39. Bf1 Ke7 40. Be2 Kf6
41. Bf1 Kg6 42. Be2 Kh5 43. g3 fxg3 44. f4+ g4 45. Kf1 Ng6 46. hxg4+ fxg4 47.
Bd3 Nxf4 48. Be4 Kg5 49. Bc6 Bf5 50. Ne4+ Kh4 51. Nd6 Bd3+ 52. Ke1 g2 0-1

[Event "SR 3. liga A2 2009/2010"]
[Site "?"]
[Date "2009.10.18"]
[Round "1.3"]
[White "Svoboda, Adam"]
[Black "Sefcik, Marek"]
[Result "1-0"]
[WhiteElo "1821"]
[BlackElo "2022"]
[PlyCount "39"]
[EventDate "2009.??.??"]

1. e4 Nc6 2. Nf3 d5 3. exd5 Qxd5 4. Nc3 Qa5 5. d4 Bg4 6. Bb5 O-O-O 7. Bxc6 bxc6
8. Qd3 Bxf3 9. Qxf3 Nf6 10. Qxc6 Rxd4 11. Be3 Rd6 12. Qa8+ Kd7 13. O-O a6 14.
Bf4 e5 15. Be3 g6 16. a3 c6 17. b4 Qc7 18. Bc5 Bg7 19. Qxa6 Rd5 20. Rad1 1-0

[Event "SR 3. liga A2 2009/2010"]
[Site "?"]
[Date "2009.10.18"]
[Round "1.4"]
[White "Bilovsky, Milan"]
[Black "Bahna, Jan"]
[Result "1/2-1/2"]
[WhiteElo "1940"]
[BlackElo "1960"]
[PlyCount "114"]
[EventDate "2009.??.??"]

1. c4 Nf6 2. d4 e6 3. Nc3 d5 4. Bg5 Be7 5. Nf3 h6 6. Bh4 Nbd7 7. e3 O-O 8. c5
Ne4 9. Bxe7 Qxe7 10. Rc1 Nxc3 11. Rxc3 c6 12. Be2 e5 13. Nxe5 Nxe5 14. dxe5
Qxe5 15. O-O a5 16. Bf3 f5 17. Qd4 Re8 18. g3 g5 19. Rd1 Kg7 20. Ra3 Kf6 21.
Qxe5+ Kxe5 22. Rd4 Be6 23. Rda4 Reb8 24. Rxa5 Rxa5 25. Rxa5 d4 26. Ra4 Rd8 27.
Be2 dxe3 28. fxe3 Rd2 29. Kf2 Rxb2 30. a3 Rc2 31. Rb4 Kd5 32. Rxb7 Kxc5 33. Rb4
f4 34. exf4 Bg4 35. Re4 gxf4 36. gxf4 Ra2 37. a4 Bxe2 38. Rxe2 Rxa4 39. Kg3 Rd4
40. Re5+ Rd5 41. Kg4 Kd6 42. Re2 c5 43. f5 Re5 44. Rd2+ Rd5 45. Ra2 Ke5 46.
Re2+ Kf6 47. Re6+ Kg7 48. Rg6+ Kh7 49. Kf4 c4 50. Rc6 Rd4+ 51. Ke5 Rh4 52. Ke6
Rxh2 53. Rxc4 Ra2 54. Rd4 Ra8 55. Ke7 Kg8 56. Rg4+ Kh7 57. f6 Ra7+ 1/2-1/2

[Event "SR 3. liga A2 2009/2010"]
[Site "?"]
[Date "2009.10.18"]
[Round "1.5"]
[White "Jurik, Michal"]
[Black "Jozefovic, Milan"]
[Result "0-1"]
[WhiteElo "1932"]
[BlackElo "1904"]
[PlyCount "112"]
[EventDate "2009.??.??"]

1. e4 e5 2. Nf3 Nc6 3. Bb5 d6 4. d4 exd4 5. Nxd4 Bd7 6. Nxc6 bxc6 7. Bc4 g6 8.
O-O Bg7 9. c3 Be6 10. Qe2 Qd7 11. Rd1 Ne7 12. Bg5 O-O 13. Nd2 Rab8 14. Rab1
Rfe8 15. Bxe6 Qxe6 16. Qc4 Qd7 17. Nb3 Rb5 18. Bf4 Reb8 19. Rd3 Qg4 20. Rf3 Qe6
21. Qd3 c5 22. Qe3 a5 23. Bh6 a4 24. Rh3 Qf6 25. Bg5 Qe6 26. Bh6 f5 27. Bxg7
Kxg7 28. Qh6+ Kf7 29. exf5 Nxf5 30. Qxh7+ Kf6 31. g4 Qe4 32. gxf5 Qxb1+ 33. Kg2
Qe4+ 34. Rf3 gxf5 35. Qh6+ Ke7 36. Nd2 Rg8+ 37. Kf1 Qg4 38. Re3+ Kd7 39. Qe6+
Kc6 40. Rf3 Rxb2 41. Ke1 Rbb8 42. Qxf5 Rge8+ 43. Kf1 Qg8 44. c4 Re5 45. Qc2 Ra8
46. Ra3 Qg4 47. Rf3 Qh4 48. h3 Qd4 49. Qb1 Kd7 50. Qh7+ Re7 51. Qf5+ Kc6 52.
Rd3 Qa1+ 53. Kg2 Rg8+ 54. Kf3 Qh1+ 55. Kf4 Qh2+ 56. Kf3 Qg2+ 0-1

[Event "SR 3. liga A2 2009/2010"]
[Site "?"]
[Date "2009.10.18"]
[Round "1.6"]
[White "Husek, Lubomir"]
[Black "Klanica, Anton"]
[Result "1-0"]
[WhiteElo "1749"]
[BlackElo "1894"]
[PlyCount "105"]
[EventDate "2009.??.??"]

1. e4 e6 2. d4 d5 3. e5 c5 4. c3 Nc6 5. Nf3 Qb6 6. Be2 Bd7 7. O-O Rc8 8. a3
cxd4 9. cxd4 Nge7 10. b4 Nf5 11. Bb2 g6 12. Qd3 Bh6 13. g4 Nfe7 14. Nc3 Nb8 15.
b5 Qd8 16. a4 O-O 17. g5 Bg7 18. Ba3 Re8 19. Rac1 Nf5 20. h4 h5 21. Rc2 Qa5 22.
Rfc1 Bf8 23. Bxf8 Kxf8 24. Bd1 Rc7 25. Ne2 Rec8 26. Rxc7 Rxc7 27. Qa3+ Ke8 28.
Rc5 Rc8 29. Kg2 Qd8 30. Kh3 b6 31. Rc1 Rc7 32. Bc2 Ne7 33. Bd3 Qc8 34. Qd6 Kd8
35. Rxc7 Qxc7 36. Qa3 Bc8 37. Qb2 Bb7 38. Qd2 Nc8 39. Qf4 Qe7 40. Qf6 Qxf6 41.
gxf6 a5 42. Kg3 Ke8 43. Kf4 Kf8 44. Kg5 Na7 45. Nf4 Nd7 46. Nxg6+ fxg6 47. Kxg6
Nc6 48. bxc6 Bxc6 49. Ng5 Bxa4 50. Nxe6+ Kg8 51. f7+ Kh8 52. Kh6 Bc6 53. Nf4
1-0

[Event "SR 3. liga A2 2009/2010"]
[Site "?"]
[Date "2009.10.18"]
[Round "1.7"]
[White "Herega, Jozef"]
[Black "Holly, Milan"]
[Result "1-0"]
[WhiteElo "1879"]
[BlackElo "1820"]
[PlyCount "71"]
[EventDate "2009.??.??"]

1. d4 e6 2. c4 b6 3. e4 Bb7 4. Bd3 Nf6 5. f3 d5 6. Bg5 Be7 7. Nc3 dxe4 8. fxe4
Qxd4 9. Nge2 Qc5 10. Qd2 Ng4 11. Bxe7 Qxe7 12. Qf4 Nf6 13. O-O O-O 14. Qh4 Qc5+
15. Kh1 Qh5 16. Qg3 Nxe4 17. Qxc7 Nc5 18. Ng3 Qh4 19. Bc2 Nba6 20. Qe5 g6 21.
Rf4 Qh6 22. Raf1 Qg7 23. Qg5 Nb4 24. Be4 Rab8 25. Bxb7 Rxb7 26. Nge4 Nbd3 27.
Nf6+ Kh8 28. Rh4 Nd7 29. Rxh7+ Qxh7 30. Nxh7 Kxh7 31. Rf3 N3e5 32. Rh3+ Kg7 33.
Qh6+ Kf6 34. Ne4+ Ke7 35. Qg5+ Ke8 36. Nd6# 1-0

[Event "SR 3. liga A2 2009/2010"]
[Site "?"]
[Date "2009.10.18"]
[Round "1.8"]
[White "Pivacek, Jozef"]
[Black "Babirat, Michal"]
[Result "1-0"]
[WhiteElo "1000"]
[BlackElo "1737"]
[PlyCount "51"]
[EventDate "2009.??.??"]

1. e4 c5 2. Nc3 d6 3. g3 g6 4. Bg2 Bg7 5. f4 Nc6 6. Nf3 Nf6 7. O-O O-O 8. d3
Bd7 9. Rb1 Rb8 10. h3 b5 11. Ne2 c4 12. e5 Qb6+ 13. Kh2 dxe5 14. fxe5 Ne8 15.
d4 Nc7 16. Nf4 Rbd8 17. Be3 Bc8 18. Qe2 Qa6 19. a3 e6 20. c3 Ne7 21. g4 Ncd5
22. Nxd5 Nxd5 23. Bg5 Rd7 24. Nd2 Nc7 25. Ne4 Bb7 26. Nc5 1-0

[Event "SR 3. liga A2 2009/2010"]
[Site "?"]
[Date "2009.10.18"]
[Round "1.1"]
[White "Ivan, Imrich ml"]
[Black "Kapusta, Petr"]
[Result "1/2-1/2"]
[WhiteElo "2079"]
[BlackElo "2135"]
[PlyCount "199"]
[EventDate "2009.??.??"]

1. Nf3 Nf6 2. g3 g6 3. b3 Bg7 4. Bb2 O-O 5. Bg2 c5 6. c4 Nc6 7. O-O d6 8. d4
cxd4 9. Nxd4 Bd7 10. e3 Rc8 11. Nc3 a6 12. Qe2 e5 13. Nc2 Bf5 14. Ba3 e4 15.
Rad1 Bg4 16. f3 exf3 17. Bxf3 Bxf3 18. Qxf3 Qa5 19. Nd5 Nxd5 20. Qxd5 Qc3 21.
Qd2 Qxd2 22. Rxd2 Rfd8 23. Rfd1 Ne5 24. Rxd6 Rxd6 25. Rxd6 Bf8 26. Rd5 Bxa3 27.
Nxa3 Ng4 28. Nc2 b5 29. Rd4 Ne5 30. Rd5 bxc4 31. Rxe5 cxb3 32. axb3 Rxc2 33.
Ra5 Rb2 34. Ra3 Kg7 35. h3 h5 36. Rxa6 Rxb3 37. Kf2 $11 h4 38. gxh4 Rb4 39. Kg3
Re4 40. Ra3 Kh6 41. Rd3 f5 42. Ra3 Kh5 43. Rb3 Rxh4 44. Ra3 Rb4 45. Ra8 Kg5 46.
Ra3 Re4 47. Rb3 Ra4 48. Rc3 Kh5 49. Rb3 Ra1 50. Rc3 Rg1+ 51. Kf2 Rh1 52. Kg2
Ra1 53. Kg3 Ra4 54. Rb3 Re4 55. Ra3 g5 56. Rb3 Re6 57. Ra3 Kg6 58. Kf3 Kh5 59.
Kg3 Re4 60. Rb3 Kg6 61. Rb6+ $11 Kf7 62. Rb7+ Ke6 63. Rb6+ Ke5 64. Rb5+ Kf6 65.
Rb6+ Re6 66. Rb3 Ke5 67. Kf3 Rc6 68. Rb5+ Ke6 69. Rb3 Ra6 70. Rc3 Ra4 71. Rc6+
Ke5 72. Rc5+ Ke6 73. Rc6+ Kf7 74. Rc7+ Kg6 75. Rc6+ Kh5 76. Rc5 Rh4 77. Kg3 Re4
78. Kf3 Kg6 79. Ra5 Rh4 80. Kg3 Kf6 81. Rb5 Rh8 82. Ra5 Rb8 83. Kf3 Rb3 84.
Ra6+ Kf7 85. Ra7+ Kg6 86. Re7 Kf6 87. Re8 f4 88. Kf2 Rb2+ 89. Kf3 Rb3 90. Kf2
Kf5 91. Rf8+ Ke5 92. exf4+ gxf4 93. h4 Rh3 94. Rh8 Kf5 95. Rf8+ Kg4 96. Rg8+
Kxh4 97. Rh8+ Kg4 98. Rxh3 Kxh3 99. Kf3 Kh4 100. Kxf4 1/2-1/2

[Event "SR 3. liga A2 2009/2010"]
[Site "?"]
[Date "2009.10.18"]
[Round "1.2"]
[White "Stanec, Stanislav"]
[Black "Finszter, Mate"]
[Result "1-0"]
[WhiteElo "2196"]
[BlackElo "2056"]
[PlyCount "129"]
[EventDate "2009.??.??"]

1. e4 e6 2. d4 d5 3. exd5 exd5 4. Bd3 Nc6 5. c3 Bd6 6. h3 Nge7 7. Nf3 Be6 8.
Qc2 Qd7 9. Nbd2 h6 10. Nb3 b6 11. Bd2 O-O-O 12. a4 a5 13. Nc1 Rde8 14. Ne2 Kb8
15. O-O-O Bf5 16. Nf4 Bxd3 17. Qxd3 Bxf4 18. Bxf4 Qf5 19. Qxf5 Nxf5 20. Rde1
Kc8 21. Kd2 Kd7 22. b3 Nd6 23. Bxd6 Kxd6 24. Kd3 Rhf8 25. Nh4 g6 26. f4 Nb8 27.
f5 g5 28. Nf3 Nd7 29. g4 Nf6 30. Rxe8 Rxe8 31. Ne5 Re7 32. c4 Ne4 33. Rh2 c5
34. cxd5 Kxd5 35. Nc4 cxd4 36. Nxb6+ Kc5 37. Re2 Rb7 38. Rxe4 Rxb6 39. Re5+ Kd6
40. Rxa5 Rxb3+ 41. Kxd4 Rxh3 42. Ra6+ Ke7 43. a5 Rg3 44. Rxh6 Rxg4+ 45. Ke5 Ra4
46. Ra6 g4 47. Ra7+ Ke8 48. Kf6 g3 49. Ra8+ Kd7 50. Rg8 Rxa5 51. Rxg3 Ke8 52.
Rg8+ Kd7 53. Rf8 Rb5 54. Rxf7+ Ke8 55. Kg7 Ra5 56. Rf8+ Kd7 57. f6 Ra1 58. Rb8
Rg1+ 59. Kf8 Rf1 60. f7 Rg1 61. Rb6 Kc7 62. Rh6 Kd7 63. Rh7 Ra1 64. Kg8 Rg1+
65. Rg7 1-0

[Event "SR 3. liga A2 2009/2010"]
[Site "?"]
[Date "2009.10.18"]
[Round "1.3"]
[White "Abraham, Jan"]
[Black "Kubis, Ivan"]
[Result "1/2-1/2"]
[WhiteElo "1981"]
[BlackElo "2025"]
[PlyCount "94"]
[EventDate "2009.??.??"]

1. e4 e5 2. Nf3 Nc6 3. d4 exd4 4. Nxd4 Nf6 5. Nxc6 bxc6 6. Bd3 d5 7. exd5 cxd5
8. O-O Be7 9. Bg5 O-O 10. c3 Rb8 11. Qc2 h6 12. Bh4 Ng4 13. Bg3 Bd6 14. Nd2 f5
15. Bxd6 Qxd6 16. Nf3 Bd7 17. Rfe1 f4 18. Re2 Rfe8 19. Rae1 Rxe2 20. Rxe2 Re8
21. Rxe8+ Bxe8 22. Qe2 Bh5 23. Bf5 Nf6 24. Qe6+ Qxe6 25. Bxe6+ Kf8 26. Nd4 Ke7
27. Bc8 Be8 28. Kf1 g6 29. Ke1 Kd6 30. Ne6 g5 31. h4 Nd7 32. Nd4 Nb6 33. Ba6
Ke5 34. hxg5 hxg5 35. Bd3 c5 36. Nf3+ Kf6 37. b3 g4 38. Nd2 Ke5 39. Ke2 Bd7 40.
Bh7 Bb5+ 41. Kd1 a5 42. Kc2 Bc6 43. g3 Bb5 44. Bd3 Bc6 45. Bh7 Bb5 46. Bd3 Bc6
47. Bh7 Bb5 1/2-1/2

[Event "SR 3. liga A2 2009/2010"]
[Site "?"]
[Date "2009.10.18"]
[Round "1.4"]
[White "Londin, Martin"]
[Black "Csefalvay, Stefan"]
[Result "1/2-1/2"]
[WhiteElo "2005"]
[BlackElo "1908"]
[PlyCount "49"]
[EventDate "2009.??.??"]

1. e4 c5 2. Nf3 Nc6 3. Bb5 e6 4. Bxc6 bxc6 5. d3 d6 6. O-O Ne7 7. c3 Ng6 8.
Nbd2 Be7 9. Nc4 O-O 10. h3 Qc7 11. Ne3 Rd8 12. Qc2 a5 13. b3 Ba6 14. c4 Bf6 15.
Bb2 Bxb2 16. Qxb2 e5 17. g3 Bc8 18. Kg2 Rf8 19. Ng1 f5 20. Qe2 f4 21. Ng4 Qe7
22. Nf3 Qd7 23. Ng1 Qe7 24. Nf3 Qd7 25. Ng1 1/2-1/2

[Event "SR 3. liga A2 2009/2010"]
[Site "?"]
[Date "2009.10.18"]
[Round "1.5"]
[White "Vizvari, Ludovit"]
[Black "Vepy, Ivan"]
[Result "1/2-1/2"]
[WhiteElo "2015"]
[BlackElo "1920"]
[PlyCount "111"]
[EventDate "2009.??.??"]

1. d4 Nf6 2. c4 e6 3. Nc3 d5 4. Nf3 Be7 5. Bf4 O-O 6. e3 Nbd7 7. a3 dxc4 8.
Bxc4 Nb6 9. Ba2 a6 10. Rc1 Nbd7 11. h3 b6 12. O-O Bb7 13. e4 Rc8 14. Re1 Re8
15. b4 h6 16. d5 exd5 17. exd5 Nf8 18. Qb3 Bd6 19. Rxe8 Nxe8 20. Bxd6 Nxd6 21.
Rd1 Qf6 22. a4 Re8 23. Bb1 Ng6 24. Qc2 Re7 25. Re1 c6 26. Rxe7 Qxe7 27. Qd3
cxd5 28. Nxd5 Qe6 29. Ba2 Ne5 30. Nxe5 Qxe5 31. Ne3 Be4 32. Qd2 Bg6 33. Qd5
Qa1+ 34. Kh2 Ne4 35. Nd1 Qf6 36. Bb1 Nxf2 37. Bxg6 Nxd1 38. Bxf7+ Qxf7 39. Qd8+
Kh7 40. Qd3+ Kg8 41. Qxd1 Qf4+ 42. Kh1 Qxb4 43. Qd8+ Qf8 44. Qd5+ Kh8 45. Qc4
a5 46. Qb5 Qb4 47. Qe8+ Kh7 48. Qc6 h5 49. Qe8 Qb1+ 50. Kh2 Qg6 51. Qd7 Qf6 52.
Qe8 Kh6 53. Qd7 g5 54. Kh1 Qf1+ 55. Kh2 Qf4+ 56. Kh1 1/2-1/2

[Event "SR 3. liga A2 2009/2010"]
[Site "?"]
[Date "2009.10.18"]
[Round "1.6"]
[White "Hrubsa, Marian"]
[Black "Szabo, Gabor"]
[Result "1/2-1/2"]
[WhiteElo "1930"]
[BlackElo "1941"]
[PlyCount "79"]
[EventDate "2009.??.??"]

1. e4 c5 2. Nf3 d6 3. d4 cxd4 4. Nxd4 Nf6 5. Nc3 a6 6. Be2 e6 7. Be3 Nc6 8. O-O
Bd7 9. a3 b5 10. f4 Na5 11. b3 Rc8 12. Qe1 Qc7 13. Bd2 Qb6 14. Qf2 Rxc3 15.
Bxc3 Nxe4 16. Qe3 Nxc3 17. Qxc3 Nc6 18. Rad1 g6 19. Qe3 e5 20. Nf5 Qb8 21. Ng3
Bh6 22. Ne4 Nd4 23. Nf6+ Kd8 24. Nxd7 Kxd7 25. Qh3+ f5 26. Bxb5+ axb5 27. Qxh6
Ne2+ 28. Kh1 Nxf4 29. Rxf4 exf4 30. Qxf4 Re8 31. Qd4 Qc7 32. h3 Re4 33. Qd5 Qc6
34. Qf7+ Re7 35. Qf6 Re2 36. Qf7+ Re7 37. Qd5 Re2 38. Qf7+ Re7 39. Qd5 Re4 40.
Qf7+ $11 1/2-1/2

[Event "SR 3. liga A2 2009/2010"]
[Site "?"]
[Date "2009.10.18"]
[Round "1.7"]
[White "Vegh, Vince"]
[Black "Vach, Jozef"]
[Result "1-0"]
[WhiteElo "1920"]
[BlackElo "1907"]
[PlyCount "127"]
[EventDate "2009.??.??"]

1. e4 e5 2. Nf3 Nc6 3. Bb5 a6 4. Ba4 Nf6 5. O-O Be7 6. Re1 b5 7. Bb3 d6 8. c3
Na5 9. Bc2 c5 10. h3 O-O 11. d4 Qc7 12. d5 Nc4 13. Nbd2 Nxd2 14. Bxd2 h6 15. a4
Bd7 16. Qe2 Rfb8 17. Reb1 b4 18. cxb4 cxb4 19. Bb3 Qb7 20. Rc1 Rc8 21. Rc4 a5
22. Rac1 Rxc4 23. Rxc4 Rc8 24. Be3 Rxc4 25. Qxc4 Bd8 26. Bc2 Kh7 27. b3 g6 28.
Qd3 Nh5 29. g4 Ng7 30. Nd2 g5 31. Nc4 Ne8 32. Kg2 Kg7 33. Kg3 Bc8 34. f3 f6 35.
Bf2 Bd7 36. Bd1 Qb8 37. Be2 Qb7 38. Qe3 Bc7 39. Qa7 Qc8 40. Bb6 Bxb6 41. Qxb6
Qc5 42. Qxc5 dxc5 43. Nb6 Bxa4 44. Nxa4 c4 45. Bxc4 Nd6 46. Nb2 Kf7 47. Kf2 Ke7
48. Ke3 Kd7 49. Be2 Kc7 50. Nc4 Nb7 51. Bd1 Kd7 52. Kd2 Kc7 53. Ne3 Nd8 54. Nf5
Nf7 55. Kd3 Kb7 56. Kc4 Kb6 57. Be2 Nd8 58. Nxh6 Nb7 59. Nf5 Nc5 60. h4 gxh4
61. Nxh4 Nd7 62. Nf5 Nc5 63. Ng3 Nb7 64. Nh5 1-0

[Event "SR 3. liga A2 2009/2010"]
[Site "?"]
[Date "2009.10.18"]
[Round "1.8"]
[White "Planka, Peter"]
[Black "Ivan, Imrich st"]
[Result "1-0"]
[WhiteElo "1776"]
[BlackElo "1868"]
[PlyCount "63"]
[EventDate "2009.??.??"]

1. e4 e6 2. d4 d5 3. Nd2 c5 4. exd5 Qxd5 5. dxc5 Bxc5 6. Ngf3 Nf6 7. Bc4 Qd6 8.
O-O O-O 9. Bd3 Bd7 10. Nb3 Bc6 11. Be3 Bxf3 12. gxf3 Bb4 13. a3 Rc8 14. axb4
Qxb4 15. Qd2 Qxd2 16. Nxd2 a6 17. Nc4 Nbd7 18. Nb6 Nxb6 19. Bxb6 Nd5 20. Be3 f5
21. c3 Rd8 22. Rfd1 Rd6 23. Bc4 Rad8 24. Bg5 R8d7 25. Bb3 Kf7 26. Ba4 b5 27.
Bb3 h6 28. Be3 g5 29. Bxd5 exd5 30. Bd4 h5 31. Ra2 Re7 32. Bc5 1-0

[Event "SR 3. liga A2 2009/2010"]
[Site "?"]
[Date "2009.10.24"]
[Round "2.1"]
[White "Mihalik, Marek"]
[Black "Meszaros, Lorant"]
[Result "1/2-1/2"]
[WhiteElo "2090"]
[BlackElo "2119"]
[PlyCount "82"]
[EventDate "2009.??.??"]

1. d4 f5 2. g3 Nf6 3. Bg2 g6 4. Nf3 Bg7 5. O-O O-O 6. e3 d6 7. c3 c6 8. Nbd2
Qe8 9. Qe2 e5 10. dxe5 dxe5 11. e4 f4 12. Nc4 Nh5 13. Nd6 Qe7 14. Nxc8 Rxc8 15.
Rd1 fxg3 16. hxg3 h6 17. Nh4 Qf6 18. Qg4 Rf8 19. Be3 Kh7 20. Bc5 Rf7 21. Rd6
Qg5 22. Qxg5 hxg5 23. Nf3 Bf6 24. Be3 g4 25. Nh2 Be7 26. Rd2 Nf6 27. Re1 a5 28.
Rde2 Nbd7 29. Rd1 Nc5 30. Bg5 Ncd7 31. Nxg4 Raf8 32. Bxf6 Bxf6 33. Nxf6+ Nxf6
34. Rf1 Rd8 35. f4 Nh5 36. fxe5 Rxf1+ 37. Bxf1 Nxg3 38. Rh2+ Kg7 39. Rg2 Nxf1
40. Kxf1 Re8 41. Ke2 Rxe5 $11 1/2-1/2

[Event "SR 3. liga A2 2009/2010"]
[Site "?"]
[Date "2009.10.24"]
[Round "2.2"]
[White "Szitasi, Janos"]
[Black "Mihalik, Anton"]
[Result "1-0"]
[WhiteElo "2005"]
[BlackElo "1961"]
[PlyCount "79"]
[EventDate "2009.??.??"]

1. e4 c5 2. Nf3 d6 3. d4 cxd4 4. Nxd4 Nf6 5. Nc3 a6 6. Be2 e5 7. Nf3 Be6 8. O-O
Be7 9. h3 h6 10. b3 O-O 11. Bb2 Qc7 12. a4 Nbd7 13. Qd2 Rac8 14. Rac1 Nc5 15.
Qe3 Qc6 16. Bd3 Nxd3 17. Qxd3 Rfd8 18. Rfd1 Nh5 19. Ne2 Nf6 20. Nc3 Qd7 21. Qf1
Qc7 22. Qe2 Qc5 23. Qe3 Nh5 24. Ne2 Qc6 25. Ba3 Qc7 26. c4 Nf6 27. Nc3 Rd7 28.
Rc2 Rcd8 29. Rdc1 Qb8 30. Bb4 b6 31. Nd5 Bxd5 32. cxd5 Ne8 33. Rc6 Rb7 34. R1c2
Kf8 35. Qc1 a5 36. Bd2 Qa7 37. Be3 Rdb8 38. Nh2 Bd8 39. Nf1 f6 40. Ng3 {Time}
1-0

[Event "SR 3. liga A2 2009/2010"]
[Site "?"]
[Date "2009.10.24"]
[Round "2.3"]
[White "Curidlo, Jan"]
[Black "Szekely, Stefan"]
[Result "0-1"]
[WhiteElo "1938"]
[BlackElo "1984"]
[PlyCount "138"]
[EventDate "2009.??.??"]

1. e4 d6 2. d4 Nf6 3. Nc3 g6 4. Be2 Bg7 5. Be3 c6 6. f4 h5 7. h3 Na6 8. Qd2 Nc7
9. Bf3 Be6 10. Nge2 Bc4 11. O-O-O Qd7 12. Kb1 O-O-O 13. Qe1 Kb8 14. Qf2 Qc8 15.
b3 Ba6 16. Nc1 d5 17. e5 Nd7 18. g4 h4 19. f5 e6 20. Bg5 Rde8 21. fxg6 fxg6 22.
Bxh4 Ref8 23. Bg3 Rf7 24. Qg2 c5 25. Nxd5 Ka8 26. Nxc7+ Qxc7 27. Be2 c4 28. Qe4
Rc8 29. bxc4 Bxc4 30. Bxc4 Qxc4 31. Qd3 Qd5 32. Rhf1 Rff8 33. Nb3 a6 34. Rxf8
Bxf8 35. Qxg6 Qg2 36. Qd3 Bb4 37. Be1 Be7 38. Bd2 Rf8 39. Qc4 Qf3 40. Rc1 Ba3
41. Bb4 Nb6 42. Qxe6 Bxb4 43. Qxb6 Ba3 44. Qc7 Bxc1 $11 45. Kxc1 Qxh3 46. Qd7
Qc3 47. Nd2 Qa1+ 48. Nb1 Rf1+ 49. Kd2 Qxb1 50. Qc8+ Ka7 51. Qc5+ Kb8 52. Qd6+
Ka8 53. Kd3 Qd1+ 54. Kc3 Qxg4 55. e6 Qf3+ 56. Kc4 Qc6+ 57. Qxc6 bxc6 58. Kc5
Kb7 59. Kd6 Kc8 60. e7 Re1 61. c4 a5 62. a4 Re3 63. d5 c5 64. Kxc5 Rxe7 65. d6
Re3 66. Kd5 Kd7 67. c5 Re2 68. Kc4 Kc6 69. d7 Kxd7 0-1

[Event "SR 3. liga A2 2009/2010"]
[Site "?"]
[Date "2009.10.24"]
[Round "2.4"]
[White "Fekete, Robert"]
[Black "Slaby, Jozef"]
[Result "0-1"]
[WhiteElo "1875"]
[BlackElo "1963"]
[PlyCount "78"]
[EventDate "2009.??.??"]

1. e4 e6 2. d4 d5 3. exd5 exd5 4. Bd3 Nf6 5. Ne2 Bg4 6. c3 c6 7. Qc2 Bd6 8. Bg5
Nbd7 9. O-O Qc7 10. Ng3 O-O-O 11. h3 Be6 12. Nf5 Bf8 13. Qd2 g6 14. Bf4 Qb6 15.
Nd6+ Bxd6 16. Bxd6 Rde8 17. b4 Qd8 18. a4 Ne4 19. Bxe4 dxe4 20. Na3 Nb6 21. Bg3
g5 22. a5 Nc4 23. Qe2 Nxa3 24. Rxa3 f5 25. Be5 Rhf8 26. b5 Qd5 27. bxc6 Qxc6
28. Qh5 g4 29. hxg4 fxg4 30. Qxh7 Rf7 31. Qg6 Ref8 32. Re1 Rxf2 33. Qxe4 Bd5
34. Qxg4+ R8f5 35. Re2 Rf1+ 36. Kh2 Qh6+ 37. Kg3 Be6 38. Bf4 R1xf4 39. Rxe6
Rxg4+ 0-1